<?xml version="1.0" encoding="UTF-8"?>
<marc:record xmlns:marc="http://www.loc.gov/MARC21/slim">
   <marc:leader>00000nam a2200000 a 4500</marc:leader>
   <marc:datafield ind1="1" ind2=" " tag="100">
      <marc:subfield code="a">Lust-Sauberer, Elisabeth</marc:subfield>
      <marc:subfield code="4">aut</marc:subfield>
      <marc:subfield code="e">Verfasser/-in</marc:subfield>
   </marc:datafield>
   <marc:datafield ind1="1" ind2=" " tag="100">
      <marc:subfield code="a">König, Andreas</marc:subfield>
      <marc:subfield code="4">aut</marc:subfield>
      <marc:subfield code="e">Verfasser/-in</marc:subfield>
   </marc:datafield>
   <marc:datafield ind1=" " ind2=" " tag="653">
      <marc:subfield code="a">Hausmannskost</marc:subfield>
   </marc:datafield>
   <marc:datafield ind1=" " ind2=" " tag="653">
      <marc:subfield code="a">Österreichische Küche</marc:subfield>
   </marc:datafield>
   <marc:datafield ind1="0" ind2="0" tag="245">
      <marc:subfield code="a">Kochen wie die Bäuerin</marc:subfield>
   </marc:datafield>
   <marc:datafield ind1="0" ind2="0" tag="245">
      <marc:subfield code="b">mit Elisabeth Lust-Sauberer durch die Jahreszeiten</marc:subfield>
   </marc:datafield>
   <marc:datafield ind1="0" ind2="0" tag="245">
      <marc:subfield code="c">Elisabeth Lust-Sauberer ; Andreas König. Fotogr. von René van Bakel</marc:subfield>
   </marc:datafield>
   <marc:datafield ind1=" " ind2="1" tag="264">
      <marc:subfield code="a">Wien</marc:subfield>
      <marc:subfield code="b">Pichler</marc:subfield>
      <marc:subfield code="c">2016</marc:subfield>
   </marc:datafield>
   <marc:datafield ind1="1" ind2=" " tag="520">
      <marc:subfield code="a">Quelle: bn.bibliotheksnachrichten (http://www.biblio.at/literatur/bn/index.html); #Autor: Doris Göldner; #Die Bäuerin Elisabeth Lust-Sauberer stellt bekannte und neue österreichische Rezepte quer durchs Jahr vor. (VL)#Gemäß den Jahreszeiten (plus Weihnachten) werden in diesem Kochbuch etwa 80 pikante und süße Rezepte vorgestellt, die durchaus Lust aufs Ausprobieren und Kosten machen. Frühlingsrezepte enthalten Brennnesseln oder Gänseblümchen, in der Sommerküche gibt es köstliche Marillen-, Kirsch- oder Brombeersüßigkeiten, im Herbst dürfen Hirschbraten und Kürbis nicht fehlen und im Winter kommen Rindsuppe, Blunzngröstl und Schweinsstelze auf den Tisch. Dazwischen finden sich Anleitungen fürs Haltbarmachen (z.B. getrocknete Paradeiser in Öl, Marillenkompott, Kräutersalz, u.v.m.). Jede Doppelseite besteht aus einem Rezept in Text und Bild, wobei immer noch ein handschriftlicher Vermerk der Bäuerin angeschlossen ist. Die Gerichte folgen dem Grundsatz, mit einfachen Mitteln schmack- und nahrhaft zu kochen und keine Reste wegzuwerfen.#Elisabeth Lust-Sauberer ist Bäuerin und gibt Kochtipps in Radio NÖ, im ORF und in Seminaren. Sie hat sehr viel Erfahrung als Köchin und auch die LeserInnen sollten Kocherfahrung mitbringen, denn die Anleitungen sind eher knapp gehalten. Fotografiert wurden die Speisen von René van Bakel, der sich mit der dunklen Färbung der Fotos wahrscheinlich bemühte, das Licht der Bauernstuben widerzuspiegeln. Leider sind ein paar Fehler unterlaufen; wenn z.B. das Rezept für das Spargel-Cordon bleu auf Seite 34 kein Fleisch enthält, aber auf dem Foto eindeutig ein Schnitzel zu sehen ist.#Insgesamt sind diese Einschränkungen zu vernachlässigen, weil die Gerichte bodenständig und nicht aufwändig sind. Außerdem werden durchwegs die österreichischen Ausdrücke verwendet und im anschließenden Glossar "übersetzt". Empfohlen für jede Bibliothek!</marc:subfield>
   </marc:datafield>
   <marc:datafield ind1=" " ind2=" " tag="020">
      <marc:subfield code="a">9783854317180</marc:subfield>
      <marc:subfield code="9">9783854317180</marc:subfield>
   </marc:datafield>
   <marc:datafield ind1=" " ind2=" " tag="041">
      <marc:subfield code="a">ger</marc:subfield>
   </marc:datafield>
   <marc:datafield ind1=" " ind2=" " tag="300">
      <marc:subfield code="a">190 S.</marc:subfield>
   </marc:datafield>
</marc:record>
